000 00419cam a2200169 4500
001 D13408
008 090401t1939 xxu||||| |||| 00| 0 eng d
035 _a(Sirsi) u94426
041 _aeng
100 _aMegarry, R.E.
245 _aSupplement to Megarry`s introduction to the rent Acts
260 _bLaw Notes Lending Library Ltd
_c1939
350 _a0
520 _aShelf 132
942 _n0
948 _c04/03/1997
999 _c98030
_d98030